书目信息 |
| 题名: |
税务违法案例精选
|
|
| 作者: | ;国家税务总局稽查局 编 | |
| 分册: | ||
| 出版信息: | 北京 中国税务出版社 1999 |
|
| 页数: | 230页 | |
| 开本: | 18cm | |
| 丛书名: | ||
| 单 册: | ||
| 中图分类: | D922.220.5 | |
| 科图分类: | ||
| 主题词: | 案例 , 税法 , 税法--案例--中国 | |
| 电子资源: | ||
| ISBN: | 7-80117-305-8 | |
| 000 | 01183nam0 2200337 450 | |
| 000 | 01148nam0 2200325 450 | |
| 000 | 01111nam0 2200313 450 | |
| 000 | 01045nam0 2200313 450 | |
| 000 | 01008nam0 2200301 450 | |
| 000 | 00941nam0 2200277 450 | |
| 001 | 0104000024 | |
| 005 | 20061028085746.09 | |
| 010 | @a7-80117-305-8@dCNY12.00 | |
| 100 | @a20051124d1999 em y0chiy0110 ea | |
| 101 | 0 | @achi |
| 102 | @aCN@b110000 | |
| 105 | @ay zn 000yy | |
| 200 | 1 | @a税务违法案例精选@Ashui wu wei fa an li jing xuan@f国家税务总局稽查局编@Fguo jia shui wu zong ju ji cha ju bian |
| 210 | @a北京@c中国税务出版社@d1999 | |
| 215 | @a230页@d18cm | |
| 306 | @a内部发行 | |
| 330 | @a本书为了加强交流,总结经验,提高税务稽查人员查处税务违法案件的业务水平和能力,从各地税务机关的1997年或1998年报送的案例中精选了45个案例,供税务人员参考。 | |
| 606 | 0 | @a案例 |
| 606 | 0 | @a税法 |
| 606 | 0 | @a税法@x案例@y中国 |
| 690 | @aD922.220.5@v4 | |
| 711 | 02 | @a国家税务总局稽查局@9guo jia shui wu zong ju ji cha ju@4编 |
| 801 | 0 | @aCN@b北京荣雅伟业图书经销中心@c20061028 |
| 905 | @aBZT@dD922.220.5@e1 | |
| 906 | @dCNY12.00@n0@r1 | |
| 税务违法案例精选/国家税务总局稽查局编.-北京:中国税务出版社,1999 |
| 230页;18cm |
| ISBN 7-80117-305-8:CNY12.00 |
| 本书为了加强交流,总结经验,提高税务稽查人员查处税务违法案件的业务水平和能力,从各地税务机关的1997年或1998年报送的案例中精选了45个案例,供税务人员参考。 |
| ● |
| 相关链接 |
|
|
|
正题名:税务违法案例精选
索取号:D922.220.5/1
 
预约/预借
| 序号 | 登录号 | 条形码 | 馆藏地/架位号 | 状态 | 备注 |
| 1 | 513581 | 230089226 | 中心书库南/013架A面2层4列/ [索取号:D922.220.5/1] | 在馆 | |
| 2 | 513582 | 230089223 | 中心书库南/013架A面2层4列/ [索取号:D922.220.5/1] | 在馆 | |
| 3 | 513583 | 230089225 | 中心书库南/013架A面2层4列/ [索取号:D922.220.5/1] | 在馆 | |
| 4 | 513584 | 230089224 | 中心书库南/013架A面2层4列/ [索取号:D922.220.5/1] | 在馆 | |
| 5 | 513585 | 230089222 | 中心书库南/013架A面2层4列/ [索取号:D922.220.5/1] | 在馆 |